000 01874cam a2200169 4500500
005 20260208024041.0
041 _afre
042 _adc
100 1 0 _aVillanueva-Puig,
_eauthor
245 0 0 _aHippias majeur, traduction et présentation par M.-F. Hazebroucq, Paris, Ellipses, 2004, 111 p. Hippias majeur et Hippias mineur, traductions et présentation par J.-F. Balaudé, Paris, Le Livre de poche, 2004, 319 p.
260 _c2005.
500 _a95
520 _aOù commence la philosophie ? Il s’agit là d’un problème que nous rencontrons au début de plusieurs grandes oeuvres philosophiques. Gilles Deleuze avance une solution dans le troisième chapitre de Différence et Répétition. Or si l’aspect formel de cette solution apparaît clairement, ce n’est pas tellement le cas de l’aspect matériel. Nous nous proposons d’éclaircir cette solution non seulement pour présenter de façon concrète la conception deleuzienne du commencement en philosophie mais surtout pour montrer comment cette conception renferme la clé pour déterminer la façon dont commence la philosophie deleuzienne elle-même.
520 _aWhere does philosophy start? This is a problem we face at the beginning of several major philosophical works. In the chapter III of Difference and Repetition, Gilles Deleuze suggests an answer. If its formal aspect is clear, it’s not so much the case for the material one. We intend to clarify this answer not only to explain in an effective manner Deleuze’s idea of the beginning of philosophy, but also to show how this very conception holds the key to determine the way Deleuze’s own philosophy starts itself.
786 0 _nLes Études philosophiques | 72 | 1 | 2005-03-01 | p. 117c-142c | 0014-2166
856 4 1 _uhttps://shs.cairn.info/revue-les-etudes-philosophiques-2005-1-page-117c?lang=fr&redirect-ssocas=7080
999 _c1661606
_d1661606